Online Catalogue and eLibrary

Problems of democracy, constitutionalism and political violence : (Record no. 512)

MARC details
000 -LEADER
fixed length control field 00838cam a2200193 a 4500
001 - CONTROL NUMBER
control field 3975958
005 - DATE AND TIME OF LATEST TRANSACTION
control field 20240228042314.0
008 - FIXED-LENGTH DATA ELEMENTS--GENERAL INFORMATION
fixed length control field 941201s1993 ce 100 0 eng
040 ## - CATALOGING SOURCE (பட்டியலாக்க மூலம்)
Original cataloging agency DLC
Transcribing agency DLC
Modifying agency DLC
082 ## - DDC Classification
DDC Edition Number 22
Class No. 321.8.
Item Number - Author Mark PRO.
245 00 - TITLE STATEMENT
Title Problems of democracy, constitutionalism and political violence :
Remainder of title German-Sri Lankan Consultations /
Statement of responsibility, etc. edited by Ulrich Everding.
260 ## - PUBLICATION, DISTRIBUTION, ETC.
Place of publication, distribution, etc. Colombo, Sri Lanka :
Name of publisher, distributor, etc. Published by Goethe-Institut, Law & Society Trust,
Date of publication, distribution, etc. 1993.
300 ## - PHYSICAL DESCRIPTION
Extent (e.g. Volumes, Pages etc.) vii, 147 p. ;
500 ## - GENERAL NOTE
General note "The present publication is the sequel to a meeting of German and Sri Lankan specialists that was organized jointly by the Goethe-Institut, Colombo, the Law and Society Trust and the University of Colombo"--Foreword.
650 #0 - SUBJECT ADDED ENTRY--TOPICAL TERM
Topical term or geographic name entry element Democracy
650 #0 - SUBJECT ADDED ENTRY--TOPICAL TERM
Topical term or geographic name entry element Political violence
700 1# - ADDED ENTRY--PERSONAL NAME
Personal name Everding, Ulrich.
Relator term (Role) Editor
942 ## - Koha item type (Biblio)
Koha item type Books in Stacks (Lending)
Holdings
Lost status Damaged status Collection code Home library Current library Date acquired Full call number Accession Number Item type
    Lending WERC Library WERC Library 02/28/2024 321.8. PRO. 3514 Books in Stacks (Lending)

© WERC Library